Statistics for 国铁所有席位种类All Seat Kinds in CR

Click here to take the quiz!

General Stats

  • This quiz has been taken 153 times
    (151 since last reset)
  • The average score is 10 of 14

Answer Stats

答案% Correct
一等座
99%
二等座
99%
无座(包括无座硬座和无座二等座)
99%
硬卧
96%
软卧
96%
商务座
95%
硬座
93%
软座
87%
特等座
60%
高级软卧
54%
二等卧
49%
一等卧
48%
动卧
41%
多功能座
7%

Score Distribution

Percentile by Number Answered

Percent of People with Each Score

Your Score History

You have not taken this quiz since the last reset